000
00319nam a2200133Ia 4500
999
_c
6754
_d
6754
003
OSt
008
191201s2011 xx 000 0 und d
100
_a
CERVANTES, Miguel De
245
0
_a
Don Quixote Part II
260
_b
KALYANI NAVYUG MEDIA PVT LTD
_c
2011
300
_a
68
650
_a
General Books
942
_2
ddc
_c
BK